Alfred Bruneau

Sparad:
Bibliografiska uppgifter
Huvudupphovsman: Hervey, Arthur (Författare, medförfattare)
Materialtyp: Bok
Språk:engelska
Publicerad: Londres John Lane 1907
Serie:Living Masters of Music
Ämnen:
Taggar: Lägg till en tagg
Inga taggar, Lägg till första taggen!

MARC

LEADER 00000nam a2200000 a 4500
001 UCW2337
003 CL-VaPUC
005 20231106110741.0
008 890710e19070000UK |||||||||||||||||eng|d
999 |c 216894  |d 216892 
040 |c Pontificia Universidad Católica de Valparaíso 
082 0 4 |a 780.92 HER 1907  |2 21 
100 0 |a Hervey, Arthur  |e author  |9 306360 
245 1 0 |a Alfred Bruneau 
260 |a Londres  |b John Lane  |c 1907 
300 |a 86 p 
490 0 |a Living Masters of Music 
583 |a last modification  |c 19890710 00:00:00  |k Rodrigo Vera 
600 0 |a Bruneau, Alfred  |2 CL-VaPUC  |9 306300  |d 1857-1934  |e author  |q Louis Charles Bonaventure Alfred Bruneau 
650 0 |9 328980  |a Compositores franceses 
650 0 |9 306284  |a Ópera 
942 |c BK  |2 ddc 
945 |d 19890710 00:00:00 
952 |0 0  |1 0  |4 0  |6 780_920000000000000_HER_1907  |7 0  |8 A  |9 203294  |a BIBEDU  |b BIBEDU  |d 2019-11-15  |i 2705478  |l 1  |o 780.92 HER 1907  |p 2705478  |r 2024-10-14  |s 2024-10-14  |w 2019-11-15  |y BK  |k MUS